书目信息 |
| 题名: |
土地信息系统理论·方法·实践
|
|
| 作者: | 周勇 , 聂艳 编著 | |
| 分册: | ||
| 出版信息: | 北京 化学工业出版社 2005 |
|
| 页数: | 344页 | |
| 开本: | 26cm | |
| 丛书名: | ||
| 单 册: | ||
| 中图分类: | F301.2 | |
| 科图分类: | ||
| 主题词: | 土地资源--管理信息系统 , 土地资源 , 管理信息系统 | |
| 电子资源: | ||
| ISBN: | 7-5025-6941-3 | |
| 000 | 00910nam0 2200265 450 | |
| 001 | 012007160193 | |
| 005 | 20070523093049.48 | |
| 010 | @a7-5025-6941-3@dCNY46.00 | |
| 100 | @a20070515d2005 km y0chiy0120 ea | |
| 101 | 0 | @achi |
| 102 | @aCN@b110000 | |
| 105 | @ay z 000yy | |
| 106 | @ar | |
| 200 | 1 | @a土地信息系统理论·方法·实践@Atu di xin xi xi tong li lun·fang fa·shi jian@f周勇,聂艳编著@Fzhou yong,nie yan bian zhu |
| 210 | @a北京@c化学工业出版社@d2005 | |
| 215 | @a344页@d26cm | |
| 330 | @a全书分11章,全面介绍了土地信息系统的基本理论、方法、土地信息的采集、输入、分析处理和输出,土地信息系统地分析、设计和应用等几个方面的内容。 | |
| 606 | 0 | @a土地资源@x管理信息系统 |
| 606 | 0 | @a土地资源 |
| 606 | 0 | @a管理信息系统 |
| 690 | @aF301.2@v4 | |
| 701 | 0 | @a周勇@Azhou yong@f(1976~)@4编著 |
| 701 | 0 | @a聂艳@Anie yan@f(1977~)@4编著 |
| 801 | 0 | @aCN@bRULIN@c20070523 |
| 905 | @dF301.2@e19@s8 | |
| 土地信息系统理论·方法·实践/周勇,聂艳编著.-北京:化学工业出版社,2005 |
| 344页;26cm |
| ISBN 7-5025-6941-3:CNY46.00 |
| 全书分11章,全面介绍了土地信息系统的基本理论、方法、土地信息的采集、输入、分析处理和输出,土地信息系统地分析、设计和应用等几个方面的内容。 |
| ● |
| 相关链接 |
|
|
|
|
正题名:土地信息系统理论·方法·实践
索取号:F301.2/19
 
预约/预借
| 序号 | 登录号 | 条形码 | 馆藏地/架位号 | 状态 | 备注 |
| 1 | 0576730 | 205767302 | 第一样本阅览室/ [索取号:F301.2/19] | 在馆 | |
| 2 | 0576731 | 205767311 | 密集书库/ [索取号:F301.2/19] | 在馆 | |
| 3 | 0576732 | 205767320 | 第一借阅区/ [索取号:F301.2/19] | 在馆 | |
| 4 | 0576733 | 205767339 | 第一借阅区/ [索取号:F301.2/19] | 在馆 | |
| 5 | 0576734 | 205767348 | 第一借阅区/ [索取号:F301.2/19] | 在馆 | |
| 6 | 0576735 | 205767357 | 第一借阅区/ [索取号:F301.2/19] | 在馆 | |
| 7 | 0576736 | 205767366 | 密集书库/ [索取号:F301.2/19] | 在馆 | |
| 8 | 0576737 | 205767375 | 密集书库/ [索取号:F301.2/19] | 在馆 |